Statistics for Badly Drawn Countries #2

Click here to take the quiz!

General Stats

  • This quiz has been taken 1,160 times
  • The average score is 7 of 8

Answers on the Map

Answers color-coded by a green-red scale on the quiz's map according to % correct below.
 

Answer Stats

Countries% Correct
Brazil
98%
Italy
98%
Japan
95%
Egypt
93%
Cuba
90%
Greece
87%
United States
78%
Iraq
62%

Score Distribution

Percentile by Number Answered

Percent of People with Each Score

Your Score History

You have not taken this quiz